书目信息 |
| 题名: |
物种之神
|
|
| 作者: | 特林 | |
| 分册: | ||
| 出版信息: | 重庆 重庆出版社 2016.09 |
|
| 页数: | 370页 | |
| 开本: | 20cm | |
| 丛书名: | ||
| 单 册: | ||
| 中图分类: | Q349 | |
| 科图分类: | ||
| 主题词: | 遗传学--分类 | |
| 电子资源: | ||
| ISBN: | 7-229-11147-1 | |
| 000 | 00536nam0 2200205 450 | |
| 001 | 3024 | |
| 005 | 20161207151446.25 | |
| 010 | @a7-229-11147-1@dCNY59.80 | |
| 100 | @a20150811d2016 km y0chiy0120 ea | |
| 101 | 0 | @achi |
| 102 | @aCN@b110000 | |
| 200 | 1 | @a物种之神@Awu zhong zhi shen@f特林@Fte lin |
| 210 | @a重庆@c重庆出版社@d2016.09 | |
| 215 | @a370页@d20cm | |
| 330 | @a特· | |
| 606 | 0 | @a遗传学@x分类 |
| 690 | @aQ349@v4 | |
| 701 | 0 | @a特林@Ate lin |
| 801 | 0 | @aCN@b大连网信软件有限公司图书馆·11@c20161207 |
| 905 | @aZUCC@dQ349@e64 | |
| 物种之神/特林.-重庆:重庆出版社,2016.09 |
| 370页;20cm |
| ISBN 7-229-11147-1:CNY59.80 |
| 特· |
| ● |
| 相关链接 |
|
|
|
|
正题名:物种之神
索取号:Q349/64
 
预约/预借
| 序号 | 登录号 | 条形码 | 馆藏地/架位号 | 状态 | 备注 |
| 1 | 912546 | 209125463 | 第二样本阅览室/ [索取号:Q349/64] | 在馆 | |
| 2 | 912547 | 209125472 | 第三借阅区/ [索取号:Q349/64] | 在馆 | |
| 3 | 912548 | 209125481 | 密集书库-生命科学系/ [索取号:Q349/64] | 在馆 | |
| 4 | 912549 | 209125490 | 第三借阅区/ [索取号:Q349/64] | 在馆 |